| 000 | 00396nam a2200157Ia 4500 | ||
|---|---|---|---|
| 008 | 230917s9999||||xx |||||||||||||| ||und|| | ||
| 020 | _cRs. 1225.00 | ||
| 040 |
_e5005344 _aMAIN |
||
| 041 | _aEnglish | ||
| 082 | _a512.23 I1F | ||
| 100 | _aIsaacs, I Martin | ||
| 245 | 0 | _aFinite group theory | |
| 260 |
_aRhode Island _bAmerican Mathematical Society _c2019 |
||
| 300 | _axi, 351 p. | ||
| 942 | _cBK | ||
| 999 |
_c9541 _d9541 |
||